000 00738nam a2200265Ia 4500
001 Para_5789
003 CHAP
008 220125s1981 xx 000 0 und d
010 _a204284
040 _cCHAP
082 _aPA 519.5 O87y
100 1 _aOstle, Bernard
_984273
245 _aEstadistica aplicada :
_b técnicas de la estadística moderna, cuando y donde aplicarlas /
_c por Bernard Ostle
260 _aMéxico :
_b Limusa
300 _a629 p.
650 _aEstadística
_938241
650 _aEstadística matemática
_938261
901 _aPA 519.5 O87Y
902 _aA
905 _a0000001981 0000000000 00
910 _a1981
942 _cPARA
942 _cPARA
_d1
999 _c204284
_d204284